[Event "Ct. Catalunya eq DH"]
[Site "?"]
[Date "2013.02.02"]
[Round "3.1"]
[White "Peralta, F."]
[Black "Movsziszian, K."]
[Result "0-1"]
[WhiteElo "2611"]
[BlackElo "2517"]
[PlyCount "70"]
[EventDate "2013.??.??"]
[EventType "tourn"]
[EventRounds "11"]

1. d4 d6 2. Nf3 g6 3. c4 Bg7 4. Nc3 Nf6 5. e4 O-O 6. Be2 e5 7. O-O Nbd7 8. Be3
Qe7 9. Qc2 exd4 10. Nxd4 Nc5 11. f3 c6 12. Rad1 a5 13. Rfe1 Re8 14. Bf1 a4 15.
Qd2 Nfd7 16. Nc2 Be5 17. f4 Bxc3 18. Qxc3 Nxe4 19. Qa3 f5 20. b4 Ndf6 21. Bd4
Be6 22. Ba1 h6 23. Nd4 Bf7 24. Bd3 Kh7 25. Nf3 Nh5 26. g3 Qc7 27. c5 Rad8 28.
Bxe4 fxe4 29. cxd6 Rxd6 30. Rxd6 Qxd6 31. Qc3 Qf8 32. Nd2 Bxa2 33. Rxe4 Bd5 34.
Rxe8 Qxe8 35. g4 Qe1+ 0-1

[Event "Ct. Catalunya eq DH"]
[Site "?"]
[Date "2013.02.02"]
[Round "3.1"]
[White "Valdes Romero, L."]
[Black "Beltran Rueda, S."]
[Result "1-0"]
[WhiteElo "2441"]
[BlackElo "2420"]
[PlyCount "91"]
[EventDate "2013.??.??"]
[EventType "tourn"]
[EventRounds "11"]

1. Nf3 c5 2. c4 g6 3. Nc3 Bg7 4. g3 Nc6 5. Bg2 e6 6. d3 Nge7 7. Bg5 h6 8. Bd2
O-O 9. O-O b6 10. a3 Bb7 11. Rb1 Rc8 12. b4 d6 13. Qc1 Kh7 14. b5 Na5 15. Na4
Rb8 16. Bxa5 bxa5 17. Nd2 Bxg2 18. Kxg2 Nc8 19. Qc2 Nb6 20. Nb2 a6 21. Nd1 Nd7
22. a4 axb5 23. axb5 Nb6 24. Nc3 Ra8 25. Na4 Nxa4 26. Qxa4 Qb6 27. Rfc1 f5 28.
Rc2 Rf7 29. Ra2 Bc3 30. Nf3 Raf8 31. Qc2 Bb4 32. h4 e5 33. Ng1 Qb7+ 34. f3 Qe7
35. Nh3 f4 36. Rh1 fxg3 37. Kxg3 Rf5 38. Nf2 Rh5 39. Qc1 Rf4 40. Ng4 g5 41.
hxg5 Qxg5 42. e3 Rxh1 43. Qxh1 Rf6 44. Rh2 Qg7 45. b6 a4 46. b7 1-0

[Event "Ct. Catalunya eq DH"]
[Site "?"]
[Date "2013.02.02"]
[Round "3.2"]
[White "Cuadras Avellana, J."]
[Black "Norwood, D."]
[Result "0-1"]
[WhiteElo "2388"]
[BlackElo "2511"]
[PlyCount "124"]
[EventDate "2013.??.??"]
[EventType "tourn"]
[EventRounds "11"]

1. e4 g6 2. d4 Bg7 3. Nc3 d6 4. Nf3 a6 5. a4 Nf6 6. Be2 O-O 7. O-O b6 8. h3 e6
9. e5 dxe5 10. Nxe5 Bb7 11. Bf3 Qc8 12. Be3 Nbd7 13. Nc6 Re8 14. Bf4 Nb8 15.
Nxb8 Qxb8 16. Be5 Rd8 17. Qe2 Qa7 18. Ra3 Rac8 19. Qe3 Qa8 20. Bxb7 Qxb7 21.
Rb3 Qc6 22. Qe2 Nh5 23. g4 Bxe5 24. Qxe5 Ng7 25. Rd1 Ne8 26. d5 Qc5 27. Qe3
Qxe3 28. fxe3 exd5 29. Nxd5 Kg7 30. Rbd3 Nf6 31. Nxf6 Rxd3 32. cxd3 Kxf6 33.
Rc1 c5 34. Rc3 Ke6 35. Rb3 Rc6 36. Kf2 Kd5 37. Ke2 g5 38. Rc3 Rh6 39. d4 (39.
e4+ $1 Kd6 (39... Kd4 40. Rc4+ Ke5 41. a5) 40. d4 cxd4 41. Rf3 Kc5 42. Kd3 f6
43. Rg3 $11) 39... cxd4 40. Rd3 Ke5 41. exd4+ Kd5 42. b3 b5 43. axb5 axb5 44.
Kd2 b4 45. Kc2 $17 Rf6 46. Kd2 Rf2+ 47. Ke1 Rf4 48. Ke2 Re4+ 49. Kf2 Rxd4 50.
Re3 Rd2+ 51. Ke1 Rb2 52. Rf3 h6 53. Rf6 Rxb3 54. Rxh6 Ke5 55. h4 Kf4 56. Rf6+
Ke3 57. Kd1 gxh4 58. Rxf7 h3 59. Kc2 Rc3+ 60. Kb2 Ke4 61. g5 Rg3 62. Rh7 Kf3
0-1

[Event "Ct. Catalunya eq DH"]
[Site "?"]
[Date "2013.02.02"]
[Round "3.2"]
[White "Fluvia Poyatos, Jordi"]
[Black "Fluvia Poyatos, Joan"]
[Result "1/2-1/2"]
[WhiteElo "2500"]
[BlackElo "2541"]
[PlyCount "68"]
[EventDate "2013.??.??"]
[EventType "tourn"]
[EventRounds "11"]

1. Nf3 Nf6 2. g3 b6 3. Bg2 Bb7 4. O-O e6 5. c4 Be7 6. b3 O-O 7. Bb2 c5 8. Nc3
d6 9. Re1 a6 10. Rc1 Ra7 11. e3 b5 12. a3 Ne4 13. Qc2 Nxc3 14. Bxc3 Nd7 15. a4
Qa8 16. e4 b4 17. Bb2 f5 18. d3 e5 19. Qe2 f4 20. Bh3 Qe8 21. Kh1 Bc8 22. Rg1
Qh5 23. Be6+ Kh8 24. g4 Qh3 25. Rg2 Bd8 26. Rcg1 g6 27. Bc1 Rc7 28. Qd1 Nb8 29.
Bxc8 Rxc8 30. Rg3 Qh6 31. R3g2 Nc6 32. h4 g5 33. h5 Qf6 34. Bb2 Kg8 1/2-1/2

[Event "Ct. Catalunya eq DH"]
[Site "?"]
[Date "2013.02.02"]
[Round "3.2"]
[White "Gonzalez Perez, A."]
[Black "Muñoz Pantoja, M."]
[Result "0-1"]
[WhiteElo "2491"]
[BlackElo "2517"]
[PlyCount "90"]
[EventDate "2013.??.??"]
[EventType "tourn"]
[EventRounds "11"]

1. d4 c5 2. d5 Nf6 3. c4 g6 4. Nc3 Qa5 5. Bd2 d6 6. Nf3 Bg7 7. g3 O-O 8. Bg2 e5
9. O-O Ne8 10. e4 Bg4 11. h3 Bxf3 12. Qxf3 Nd7 13. h4 h5 14. a3 Qb6 15. Bh3
Ndf6 16. b4 cxb4 17. axb4 Qxb4 18. Qd3 Qc5 19. Be3 Qc7 20. Bxa7 Nd7 21. Nb5 Qd8
22. Be3 Rxa1 23. Rxa1 f5 24. Bg5 Bf6 25. exf5 Bxg5 26. hxg5 Nc5 27. Qe3 gxf5
28. f4 exf4 29. gxf4 Ng7 30. Re1 Re8 31. Qc3 Ne4 32. Qd4 Qa5 33. Re2 Qb4 34.
Bg2 Qb1+ 35. Kh2 Qc1 36. Re3 Rc8 37. Nc3 Rxc4 38. Qxc4 Qxe3 39. Bxe4 Qxf4+ 40.
Kh3 h4 41. Qd3 fxe4 42. Nxe4 Nf5 43. Qe2 Ne3 44. Nf6+ Kf8 45. Nh7+ Ke7 0-1

[Event "Ct. Catalunya eq DH"]
[Site "?"]
[Date "2013.02.02"]
[Round "3.2"]
[White "Lacasa Diaz, JA."]
[Black "Jerez Perez, A."]
[Result "1/2-1/2"]
[WhiteElo "2405"]
[BlackElo "2410"]
[PlyCount "28"]
[EventDate "2013.??.??"]
[EventType "tourn"]
[EventRounds "11"]

1. e4 c6 2. Nc3 d5 3. Nf3 Bg4 4. Be2 Nf6 5. d3 dxe4 6. Nxe4 Nxe4 7. dxe4 Qxd1+
8. Bxd1 Nd7 9. Be3 e5 10. O-O Bxf3 11. Bxf3 Bc5 12. Bg4 Bxe3 13. Bxd7+ Kxd7 14.
fxe3 Ke6 1/2-1/2

[Event "Ct. Catalunya eq DH"]
[Site "?"]
[Date "2013.02.02"]
[Round "3.3"]
[White "Baron Isanta, JM."]
[Black "Dominguez Pons, E."]
[Result "0-1"]
[WhiteElo "2414"]
[BlackElo "2371"]
[PlyCount "126"]
[EventDate "2013.??.??"]
[EventType "tourn"]
[EventRounds "11"]

1. Nf3 Nf6 2. c4 e6 3. g3 d5 4. Bg2 Bd6 5. d4 c6 6. O-O Nbd7 7. Nc3 O-O 8. Qc2
Qe7 9. e4 Nxe4 10. Nxe4 dxe4 11. Qxe4 e5 12. Qc2 exd4 13. Re1 Qf6 14. Bg5 Qg6
15. Qxg6 hxg6 16. Nxd4 f6 17. Bd2 Ne5 18. b3 Bc5 19. Bc3 Rd8 20. Re4 Bf5 21.
Nxf5 gxf5 22. Re2 Rd3 23. Rc1 Ba3 24. Rcc2 Rd1+ 25. Re1 Rad8 26. Kf1 Kf7 27. h3
Bc5 28. Rxd1 Rxd1+ 29. Ke2 Rg1 30. Bf1 f4 31. gxf4 Ng6 32. Bd2 Bd6 33. f5 Ne7
34. c5 Nxf5 35. Rc1 Be5 36. Kf3 Ke7 37. Bd3 Nd4+ 38. Ke4 Rxc1 39. Bxc1 Ne6 40.
b4 a5 41. a3 Bc3 42. bxa5 Nxc5+ 43. Ke3 Nxd3 44. a6 bxa6 45. Kxd3 Be1 46. Be3
Kd6 47. Kc4 g6 48. a4 a5 49. Bd4 f5 50. f3 Bb4 51. Bg7 Ke6 52. Bd4 Kd6 53. Bg7
Be1 54. Bd4 Bd2 55. Ba7 Ke6 56. Bb8 Kd7 57. Be5 Be3 58. Bc3 Bb6 59. Bd2 Ke6 60.
Bf4 Kf6 61. Kd3 g5 62. Bd6 Kg6 63. Be7 Kh5 0-1

[Event "Ct. Catalunya eq DH"]
[Site "?"]
[Date "2013.02.02"]
[Round "3.3"]
[White "Lorenzo de la Riva, L."]
[Black "Delorme, Axel"]
[Result "1/2-1/2"]
[WhiteElo "2513"]
[BlackElo "2471"]
[PlyCount "70"]
[EventDate "2013.??.??"]
[EventType "tourn"]
[EventRounds "11"]

1. e4 e5 2. Nc3 Nf6 3. f4 d5 4. fxe5 Nxe4 5. Qf3 Nxc3 6. dxc3 Qh4+ 7. g3 Qe4+
8. Qxe4 dxe4 9. Bg2 Nc6 10. Bf4 h6 11. Bxe4 g5 12. Bxc6+ bxc6 13. Be3 Bf5 14.
h4 gxh4 15. Rxh4 Bxc2 16. Nf3 c5 17. Kf2 a5 18. Nd2 Ra6 19. Rah1 a4 20. Ne4 Rb6
21. Nf6+ Kd8 22. b3 axb3 23. axb3 Rxb3 24. Ra1 Kc8 25. Ra8+ Rb8 26. Rxb8+ Kxb8
27. g4 Bg7 28. Bxc5 Bg6 29. Bd4 Bxf6 30. exf6 h5 31. Be5 Kb7 32. Kg3 c5 33. Bd6
Kc6 34. Be7 Rh7 35. gxh5 Rxh5 1/2-1/2

[Event "Ct. Catalunya eq DH"]
[Site "?"]
[Date "2013.02.02"]
[Round "3.3"]
[White "Perez Mitjans, O."]
[Black "Alonso Moyano, J."]
[Result "0-1"]
[WhiteElo "2553"]
[BlackElo "2480"]
[PlyCount "79"]
[EventDate "2013.??.??"]
[EventType "tourn"]
[EventRounds "11"]

1. e4 c5 2. Nf3 d6 3. d4 cxd4 4. Qxd4 Nc6 5. Bb5 Bd7 6. Bxc6 Bxc6 7. Nc3 e5 8.
Qd3 h6 9. O-O Nf6 10. Nd2 Be7 11. Nc4 O-O 12. Ne3 Re8 13. Nf5 Bf8 14. Rd1 Kh7
15. a4 g6 16. Ne3 Qc7 17. Bd2 Rac8 18. Be1 Nh5 19. Ned5 Qd8 20. f3 Nf4 21. Nxf4
exf4 22. Bf2 a6 23. Ne2 Bg7 24. Qb3 f5 25. e5 Bxe5 26. Qf7+ Bg7 27. Nxf4 Qf6
28. Qxf6 Bxf6 29. c3 Be5 30. Nd3 g5 31. Nb4 Bd7 32. Nd5 Be6 33. a5 f4 34. Ra4
Rf8 35. Rb4 Rf7 36. h3 h5 37. Nb6 Rg8 38. Bd4 g4 39. hxg4 hxg4 40. Kf2 0-1

[Event "Ct. Catalunya eq DH"]
[Site "?"]
[Date "2013.02.02"]
[Round "3.3"]
[White "Prie, E."]
[Black "Lillo Castany, V."]
[Result "1-0"]
[WhiteElo "2470"]
[BlackElo "2359"]
[PlyCount "65"]
[EventDate "2013.??.??"]
[EventType "tourn"]
[EventRounds "11"]

1. d4 Nf6 2. Nc3 d5 3. Bf4 e6 4. e3 Be7 5. Nf3 O-O 6. Bd3 c5 7. dxc5 Bxc5 8. a3
Nc6 9. O-O Bd6 10. Bxd6 Qxd6 11. e4 Rd8 12. exd5 Nxd5 13. Nxd5 Qxd5 (13... exd5
) 14. Qe2 Bd7 15. Rad1 Qh5 $14 16. Rfe1 Ne7 17. Ne5 Qxe2 18. Rxe2 Bb5 19. Red2
Bxd3 20. Rxd3 Rxd3 21. Rxd3 Nd5 22. c4 Nb6 23. b3 Kf8 24. Nd7+ Ke7 25. Nc5 Rb8
26. Kf1 Ke8 27. Rh3 h6 28. Rg3 g6 29. Rh3 h5 30. g4 Rc8 $2 (30... Nd7 31. Nxd7
Kxd7 32. gxh5 gxh5 33. Rxh5 $14) 31. gxh5 $18 Ke7 32. hxg6 fxg6 33. Nxb7 1-0

[Event "Ct. Catalunya eq DH"]
[Site "?"]
[Date "2013.02.02"]
[Round "3.3"]
[White "Torrecillas Martinez, A."]
[Black "Fernandez Aguado, E."]
[Result "0-1"]
[WhiteElo "2407"]
[BlackElo "2360"]
[PlyCount "76"]
[EventDate "2013.??.??"]
[EventType "tourn"]
[EventRounds "11"]

1. e4 e5 2. Nf3 Nc6 3. Bb5 a6 4. Bxc6 dxc6 5. O-O f6 6. d4 Bg4 7. dxe5 Qxd1 8.
Rxd1 fxe5 9. Rd3 Bd6 10. Nbd2 b5 11. b3 Ne7 12. Bb2 Ng6 13. g3 O-O 14. Kg2 Rab8
15. h3 Bc8 16. c4 c5 17. a4 b4 18. h4 h5 19. Nh2 Bb7 20. Rf3 Rf6 21. Kf1 Rbf8
22. Ke2 Ne7 23. Rg1 Kf7 24. Rd3 Nc6 25. f4 exf4 26. Bxf6 fxg3 27. Nhf1 gxf6 28.
Nxg3 Nd4+ 29. Kf2 Be5 30. Ne2 Re8 31. Rf1 Ke7 32. Ke1 Rd8 33. Nxd4 cxd4 34. Rf5
Rh8 35. Nf3 Bxe4 36. Nxe5 Bxf5 37. Nc6+ Kd7 38. Rf3 Be4 0-1

[Event "Ct. Catalunya eq DH"]
[Site "?"]
[Date "2013.02.02"]
[Round "3.4"]
[White "Ayas Fernandez, A."]
[Black "Granados Gomez, M."]
[Result "1/2-1/2"]
[WhiteElo "2278"]
[BlackElo "2386"]
[PlyCount "73"]
[EventDate "2013.??.??"]
[EventType "tourn"]
[EventRounds "11"]

1. e4 e5 2. Nf3 Nc6 3. Bb5 Nf6 4. d3 d6 5. O-O Bd7 6. c3 g6 7. h3 Bg7 8. Be3
O-O 9. Nbd2 Qe8 10. a4 Nh5 11. g4 f5 12. gxh5 f4 13. Kh2 Kh8 14. Bxc6 Bxc6 15.
hxg6 Bd7 16. Rg1 Qe6 17. Ng5 Qxg6 18. Ndf3 fxe3 19. fxe3 Qh5 20. Nd2 Qh4 21.
Ndf3 Qf2+ 22. Rg2 Qxe3 23. Qg1 Qf4+ 24. Kh1 h6 25. Rf1 Bf6 26. Nd4 Qh4 27. Nde6
Bxe6 28. Nxe6 Rg8 29. Nxc7 Rxg2 30. Qxg2 Rg8 31. Qf3 Be7 32. Rg1 Rxg1+ 33. Kxg1
Qe1+ 34. Kg2 Qd2+ 35. Kf1 Qc1+ 36. Kg2 Qd2+ 37. Kf1 1/2-1/2

[Event "Ct. Catalunya eq DH"]
[Site "?"]
[Date "2013.02.02"]
[Round "3.4"]
[White "Bergez, L."]
[Black "Herraiz Hidalgo, H."]
[Result "1-0"]
[WhiteElo "2418"]
[BlackElo "2499"]
[PlyCount "83"]
[EventDate "2013.??.??"]
[EventType "tourn"]
[EventRounds "11"]

1. e4 e6 2. d4 d5 3. exd5 exd5 4. Nf3 Nf6 5. Bg5 Be7 6. Bd3 O-O 7. O-O Bg4 8.
Re1 h6 9. Bh4 Nc6 10. c3 g5 11. Bg3 Ne4 12. Qb3 Nxg3 13. hxg3 Qd6 14. Nbd2 Bf6
15. Nf1 Ne7 16. Ne3 Be6 17. Re2 b6 18. Rae1 Rfe8 19. Bb1 Ng6 20. Nxd5 Bg7 21.
Bxg6 c6 22. Bf5 cxd5 23. Bxe6 Rxe6 24. Rxe6 fxe6 25. Qc2 Rf8 26. Qg6 Rf6 27.
Qe8+ Kh7 28. Ne5 Qf8 29. Qxf8 Rxf8 30. Nc6 Re8 31. Nb4 Kg6 32. Nxd5 Kf7 33. Ne3
b5 34. Kf1 Rb8 35. Ke2 e5 36. d5 e4 37. Nf5 Bh8 38. Nd6+ Kg6 39. Nxe4 b4 40.
Kd3 bxc3 41. bxc3 Rb5 42. Kc4 1-0

[Event "Ct. Catalunya eq DH"]
[Site "?"]
[Date "2013.02.02"]
[Round "3.4"]
[White "Libiszewski, F."]
[Black "Lopez Martinez, JM."]
[Result "0-1"]
[WhiteElo "2505"]
[BlackElo "2538"]
[PlyCount "92"]
[EventDate "2013.??.??"]
[EventType "tourn"]
[EventRounds "11"]

1. e4 e5 2. Nf3 Nc6 3. Bb5 a6 4. Ba4 Nf6 5. O-O Be7 6. d3 d6 7. c3 O-O 8. Nbd2
Nd7 9. Bc2 Nb6 10. Re1 f5 11. h3 Kh8 12. exf5 Bxf5 13. Ne4 Qd7 14. Bg5 Bxg5 15.
Nexg5 Nd5 16. d4 h6 17. Bxf5 Qxf5 18. dxe5 Nf4 19. Ne4 Nxe5 20. Nxe5 Qxe5 21.
Ng3 Qb5 22. b3 Qc6 23. Re4 Qxc3 24. Rc1 Qf6 25. Qd2 c6 26. Rce1 d5 27. Re7 Rf7
28. R7e5 Qg6 29. R1e3 Raf8 30. Re8 Rxe8 31. Rxe8+ Kh7 32. Qa5 Qc2 33. Qd8 Nxh3+
34. Kh2 Nf4 35. Rh8+ Kg6 36. Qd6+ Rf6 37. Qd7 Qc5 38. Rg8 Rf7 39. Qg4+ Kh7 40.
Qc8 Ng6 41. f4 Rxf4 42. Rxg7+ Kxg7 43. Nh5+ Kf7 44. Nxf4 Nxf4 45. Qf5+ Ke7 46.
Qxf4 Qd6 0-1

[Event "Ct. Catalunya eq DH"]
[Site "?"]
[Date "2013.02.02"]
[Round "3.4"]
[White "Obon Temprano, S."]
[Black "Hernando Rodrigo, J."]
[Result "1/2-1/2"]
[WhiteElo "2362"]
[BlackElo "2380"]
[PlyCount "104"]
[EventDate "2013.??.??"]
[EventType "tourn"]
[EventRounds "11"]

1. e4 e6 2. d4 d5 3. Nd2 c5 4. exd5 exd5 5. Ngf3 Nc6 6. Bb5 Bd6 7. dxc5 Bxc5 8.
O-O Nge7 9. Nb3 Bd6 10. Re1 O-O 11. Bg5 h6 12. Bh4 Bg4 13. Be2 Qb6 14. c3 Bxf3
15. Bxf3 Nf5 16. Bg3 Nxg3 17. hxg3 Bxg3 18. Nd4 Bh4 19. Bxd5 Qxb2 20. Qf3 Nxd4
21. cxd4 Rac8 22. Rab1 Qxd4 23. Red1 Qe5 24. Rxb7 Rc7 25. Bb3 Bf6 26. Rxc7 Qxc7
27. Qf5 Rd8 28. Rxd8+ Bxd8 29. Qd5 Qc1+ 30. Qd1 Qg5 31. Qd7 Qc1+ 32. Qd1 Qxd1+
33. Bxd1 f5 34. f4 Bh4 35. Kh2 Be1 36. Bc2 g6 37. g4 fxg4 38. Bxg6 Kg7 39. Bh5
g3+ 40. Kg2 Kf6 41. Kf3 a5 42. a4 Bf2 43. Be8 Ke6 44. Bh5 Kd5 45. Be8 Kc5 46.
Kg2 Be1 47. Kf3 Kc4 48. Bh5 Kb4 49. Be8 Bf2 50. Kg2 Be1 51. Kf3 Bf2 52. Kg2 Be1
1/2-1/2

[Event "Ct. Catalunya eq DH"]
[Site "?"]
[Date "2013.02.02"]
[Round "3.4"]
[White "Vila Gazquez, X."]
[Black "Rodriguez Cespedes, A."]
[Result "1/2-1/2"]
[WhiteElo "2490"]
[BlackElo "2472"]
[PlyCount "47"]
[EventDate "2013.??.??"]
[EventType "tourn"]
[EventRounds "11"]

1. Nf3 Nf6 2. g3 d5 3. Bg2 c6 4. O-O Bg4 5. h3 Bxf3 6. Bxf3 Nbd7 7. d3 e6 8.
Bg2 Be7 9. c4 O-O 10. Nc3 Re8 11. Rb1 a5 12. Qc2 Rc8 13. a3 b5 14. b4 axb4 15.
axb4 bxc4 16. dxc4 dxc4 17. Na4 Nd5 18. Qxc4 N7b6 19. Nxb6 Qxb6 20. Bd2 Rb8 21.
Rfc1 Nxb4 22. Bxb4 Bxb4 23. Bxc6 Rec8 24. Qb5 1/2-1/2

[Event "Ct. Catalunya eq DH"]
[Site "?"]
[Date "2013.02.02"]
[Round "3.4"]
[White "Vives Esmerat, J."]
[Black "Simonet Pons, M."]
[Result "1-0"]
[WhiteElo "2367"]
[BlackElo "2354"]
[PlyCount "79"]
[EventDate "2013.??.??"]
[EventType "tourn"]
[EventRounds "11"]

1. e4 c5 2. b3 d6 3. Bb2 e5 4. f4 exf4 5. Nf3 Nf6 6. e5 dxe5 7. Nxe5 $15 Be7 8.
Bc4 O-O 9. O-O Nbd7 10. Rxf4 Nxe5 (10... Qc7 $15) 11. Bxe5 Nd5 12. Rf1 Be6 13.
Nc3 Bd6 14. Bxd6 Qxd6 15. Bxd5 Bxd5 16. Qg4 (16. Nxd5 $11) 16... Bc6 17. d3 f5
18. Qc4+ Kh8 19. Rae1 Rf6 20. Ne2 Re8 21. Qc3 $2 (21. Ng3) 21... Rfe6 $17 22.
Qd2 Qe7 $2 23. Rf2 $2 (23. Rxf5) 23... Re3 $6 (23... h6) 24. Rxf5 h6 25. Rf2
Qh4 $14 26. Ref1 Kh7 27. Ng3 R3e5 28. Rf4 Qg5 29. Qf2 Qg6 30. Rf5 b6 31. Rxe5
Rxe5 32. Qf7 Qg5 33. Qf4 $2 Qe7 $2 (33... Re2 $17) 34. h3 Bd5 35. Kh2 Rg5 36.
Rf2 Qe1 37. Re2 $2 Qd1 $4 (37... Qxe2 38. Nxe2 Rxg2+ 39. Kh1 Rf2+ 40. Kg1 Rxf4
$11) 38. Qd2 $2 (38. Re5 $18) 38... Qa1 $2 39. c3 Rg6 40. Re1 1-0

[Event "Ct. Catalunya eq DH"]
[Site "?"]
[Date "2013.02.02"]
[Round "3.5"]
[White "Aloma Vidal, R."]
[Black "Grafl, F."]
[Result "1-0"]
[WhiteElo "2475"]
[BlackElo "2416"]
[PlyCount "143"]
[EventDate "2013.??.??"]
[EventType "tourn"]
[EventRounds "11"]

1. d4 f5 2. e4 fxe4 3. Nc3 Nf6 4. Bg5 Nc6 5. d5 Ne5 6. Qe2 Nf7 7. Bxf6 exf6 8.
Nxe4 Qe7 9. d6 Qe6 10. dxc7 Bb4+ 11. c3 Ba5 12. Nc5 Qxe2+ 13. Bxe2 Bxc7 14. Nf3
b6 15. Na6 Kd8 16. Nd4 Bb7 17. Nxc7 Kxc7 18. Nb5+ Kd8 19. O-O-O a6 20. Nd4 Kc7
21. Nf5 Rhe8 22. Bc4 Ne5 23. Bd5 Bxd5 24. Rxd5 g6 25. Ne3 f5 26. Rd4 Nc6 27.
Rd2 Rad8 28. Nd5+ Kb7 29. Nf6 Re7 30. Rhd1 Nb8 31. h4 Rf7 32. Nd5 Re8 33. f3
Re6 34. Nf4 Re8 35. Rd6 Kc7 36. R6d4 Kb7 37. Kc2 Rfe7 38. Rd6 Re1 39. Kd2 R1e7
40. Kc1 Re1 41. Nd5 R8e6 42. Rxb6+ Rxb6 43. Rxe1 Rd6 44. Nf4 h6 45. Re5 Rf6 46.
h5 gxh5 47. Nxh5 Rg6 48. Nf4 Rf6 49. Re7 Kc8 50. Rg7 Nc6 51. Nd5 Rd6 52. Ne3 f4
53. Nc4 Re6 54. Nb6+ Kc7 55. Nd5+ Kc8 56. Nxf4 Re1+ 57. Kd2 Rb1 58. Kc2 Rf1 59.
Nd3 Rg1 60. f4 Rf1 61. g4 Rg1 62. f5 Rg2+ 63. Kb3 Kc7 64. Nc5 Ne5 65. Nxa6+ Kd6
66. Nb4 h5 67. g5 h4 68. Rh7 Nf3 69. g6 Ke5 70. Nd3+ Ke4 71. f6 Kxd3 72. Rxd7+
1-0

[Event "Ct. Catalunya eq DH"]
[Site "?"]
[Date "2013.02.02"]
[Round "3.5"]
[White "Oms Pallisse, J."]
[Black "Gual Pascual, A."]
[Result "1-0"]
[WhiteElo "2546"]
[BlackElo "2542"]
[PlyCount "43"]
[EventDate "2013.??.??"]
[EventType "tourn"]
[EventRounds "11"]

1. d4 g6 2. c4 Bg7 3. Nc3 d6 4. Nf3 Nf6 5. e4 O-O 6. h3 e5 7. d5 a5 8. Bg5 Qe8
9. Be2 Na6 10. Nd2 Nd7 11. g4 Ndc5 12. Rg1 Bd7 13. Nf1 f6 14. Be3 Rf7 15. Ng3
Qf8 16. Qd2 a4 17. h4 c6 18. h5 Nc7 19. h6 Bh8 20. O-O-O cxd5 21. Nxd5 N7e6 22.
f3 1-0

[Event "Ct. Catalunya eq DH"]
[Site "?"]
[Date "2013.02.02"]
[Round "3.5"]
[White "Panelo Muñoz, MA."]
[Black "Asis Gargatagli, H."]
[Result "0-1"]
[WhiteElo "2468"]
[BlackElo "2513"]
[PlyCount "38"]
[EventDate "2013.??.??"]
[EventType "tourn"]
[EventRounds "11"]

1. d4 Nf6 2. c4 e6 3. Nc3 Bb4 4. e3 O-O 5. Nge2 d5 6. a3 Bd6 7. Ng3 c5 8. cxd5
cxd4 9. exd4 Nxd5 10. Bd3 Nc6 11. O-O Qh4 12. Re1 Bxg3 13. hxg3 Qxd4 14. Qc2 h6
15. Nxd5 exd5 16. Bf4 Be6 17. Rad1 Qf6 18. Qb3 Na5 19. Qb4 b6 0-1

[Event "Ct. Catalunya eq DH"]
[Site "?"]
[Date "2013.02.02"]
[Round "3.5"]
[White "Pham Guerrero, S."]
[Black "Pijuan Herranz, M."]
[Result "1-0"]
[WhiteElo "2327"]
[BlackElo "2295"]
[PlyCount "47"]
[EventDate "2013.??.??"]
[EventType "tourn"]
[EventRounds "11"]

1. e4 e5 2. f4 Bc5 3. Nf3 d6 4. Nc3 Nf6 5. Na4 Nxe4 6. Qe2 Nf2 7. fxe5 $2 (7.
Rg1 Nh3 8. gxh3 Bxg1 9. Nxg1 $13) 7... O-O 8. d4 $2 $19 (8. Nxc5 Nxh1 9. Ne4
Nc6 10. d4 $17) 8... Bxd4 9. Nxd4 Nxh1 10. Nf3 Bg4 11. Bg5 Bxf3 12. Qe3 Qd7 13.
gxf3 Qxa4 14. Bd3 h6 15. Bf6 dxe5 $4 16. Qg1 $18 g5 17. Bxg5 f5 18. Bf6+ Kf7
19. Qg7+ Ke6 20. Qe7+ Kd5 21. Qxe5+ Kc6 22. Qe6+ Kc5 23. Be7+ Kd4 24. c3+ 1-0

[Event "Ct. Catalunya eq DH"]
[Site "?"]
[Date "2013.02.02"]
[Round "3.5"]
[White "Raineri de Luca, P."]
[Black "Travesset Ribera, J."]
[Result "1/2-1/2"]
[WhiteElo "2377"]
[BlackElo "2324"]
[PlyCount "92"]
[EventDate "2013.??.??"]
[EventType "tourn"]
[EventRounds "11"]

1. d4 d5 2. c4 Nc6 3. cxd5 Qxd5 4. e3 e5 5. Nc3 Bb4 6. Bd2 Bxc3 7. Bxc3 exd4 8.
Ne2 Nge7 9. Nxd4 Nxd4 10. Qxd4 Qxd4 11. Bxd4 O-O 12. Be2 Be6 13. O-O Rfd8 14.
Rfc1 Rd7 15. b4 a6 16. Rc2 f6 17. Rac1 c6 18. g4 Kf7 19. f3 Nd5 20. a3 Rad8 21.
Kf2 Nc7 22. Bb6 Re8 23. h4 g6 24. Rb2 Nd5 25. Bd4 Ne7 26. a4 f5 27. b5 axb5 28.
axb5 fxg4 29. fxg4 Bd5 30. Kg3 Kg8 31. Rf1 Nc8 32. bxc6 bxc6 33. h5 Nd6 34. h6
Ne4+ 35. Kh2 Rf7 36. Rxf7 Kxf7 37. Bd3 Ke6 38. Bxe4 Bxe4 39. Rf2 g5 40. Kg3 Rg8
41. Bg7 Rb8 42. Bf6 Rb5 43. Bd8 Kd7 44. Rd2+ Rd5 45. Rxd5+ cxd5 46. Bxg5 Ke6
1/2-1/2

[Event "Ct. Catalunya eq DH"]
[Site "?"]
[Date "2013.02.02"]
[Round "3.5"]
[White "Sanchez Ibern, M."]
[Black "Crespo Revilla, JM."]
[Result "1-0"]
[WhiteElo "2356"]
[BlackElo "2195"]
[PlyCount "99"]
[EventDate "2013.??.??"]
[EventType "tourn"]
[EventRounds "11"]

1. d4 d5 2. Nf3 Nf6 3. g3 Bf5 4. Bg2 e6 5. O-O Be7 6. b3 O-O 7. Bb2 Nbd7 8. c4
h6 9. Nc3 c6 10. Nd2 Re8 11. Re1 Rc8 12. a3 b5 13. e4 dxe4 14. Ndxe4 bxc4 15.
bxc4 Nxe4 16. Nxe4 Nf6 17. Qa4 Qb6 18. Bc3 Nxe4 19. Bxe4 Bxe4 20. Rxe4 Bf6 21.
Rd1 Red8 22. Qc2 Rb8 23. Kg2 Qb3 24. Qxb3 Rxb3 25. Bb4 Rd7 26. Re3 Rb2 27. Red3
g5 28. h3 Kg7 29. d5 cxd5 30. cxd5 Rxd5 31. Rxd5 exd5 32. Rxd5 Ra2 33. Kf3 a6
34. Ke3 Rb2 35. Ra5 Rb3+ 36. Ke4 Rb2 37. Bc5 Rc2 38. Bb6 Rc6 39. Rxa6 Kg6 40.
a4 Bc3 41. f4 gxf4 42. gxf4 Re6+ 43. Kd3 Be1 44. Kc4 Kf5 45. a5 Re4+ 46. Kd5
Rxf4 47. Bd4 h5 48. Rf6+ Kg5 49. Rxf4 Kxf4 50. a6 1-0

[Event "Ct. Catalunya eq DH"]
[Site "?"]
[Date "2013.02.02"]
[Round "3.6"]
[White "Casanellas Ruano, L."]
[Black "Jose Queralto, D."]
[Result "1/2-1/2"]
[WhiteElo "2290"]
[BlackElo "2287"]
[PlyCount "21"]
[EventDate "2013.??.??"]
[EventType "tourn"]
[EventRounds "11"]

1. e4 e5 2. Nf3 Nf6 3. Nxe5 d6 4. Nf3 Nxe4 5. Qe2 Qe7 6. d3 Nf6 7. Bg5 Nbd7 8.
Nbd2 Qxe2+ 9. Bxe2 Be7 10. O-O Nf8 11. h3 1/2-1/2

[Event "Ct. Catalunya eq DH"]
[Site "?"]
[Date "2013.02.02"]
[Round "3.6"]
[White "Escobar Torres, A."]
[Black "Ryan, J."]
[Result "0-1"]
[WhiteElo "2133"]
[BlackElo "2298"]
[PlyCount "94"]
[EventDate "2013.??.??"]
[EventType "tourn"]
[EventRounds "11"]

1. d4 Nf6 2. Nf3 d5 3. Bf4 c5 4. e3 Nc6 5. c3 Qb6 6. Qc1 Bf5 7. Nh4 Bg6 8. Nxg6
hxg6 9. Nd2 cxd4 10. exd4 e6 11. Qc2 Nh5 12. Be3 Bd6 13. Nf3 Qc7 14. Qd2 a6 15.
Bd3 Na5 16. g3 Nc4 17. Bxc4 Qxc4 18. Qe2 Rc8 19. Qxc4 Rxc4 20. Kd2 Nf6 21. Kd3
Ne4 22. h4 f6 23. Nd2 Nxd2 24. Bxd2 Kf7 25. b3 Rc6 26. c4 dxc4+ 27. bxc4 Rd8
28. Be3 Bc5 29. Kc3 Be7 30. Rab1 b5 31. c5 e5 32. dxe5 Bxc5 33. Bxc5 Rxc5+ 34.
Kb4 Rc4+ 35. Ka5 Ra4+ 36. Kb6 Rxa2 37. exf6 gxf6 38. Rbc1 Rd6+ 39. Kb7 Rd7+ 40.
Kb6 b4 41. h5 gxh5 42. Rxh5 Kg6 43. Rh4 a5 44. Rf4 Rd6+ 45. Kc7 Rad2 46. Rc5
R2d5 47. Rcc4 b3 0-1

[Event "Ct. Catalunya eq DH"]
[Site "?"]
[Date "2013.02.03"]
[Round "3.6"]
[White "Pardo Simon, D."]
[Black "Iglesias, J."]
[Result "1-0"]
[WhiteElo "2418"]
[BlackElo "2407"]
[PlyCount "85"]
[EventDate "2013.??.??"]
[EventType "tourn"]
[EventRounds "11"]

1. e4 e5 2. d4 exd4 3. Qxd4 Nc6 4. Qe3 Nf6 5. Bd2 Bb4 6. Nc3 O-O 7. O-O-O Re8
8. Qg3 Rxe4 9. a3 Bd6 10. f4 Bc5 11. Qg5 Qf8 12. Bd3 Re8 13. Qh4 h6 14. g4 d5
15. g5 Ne4 16. gxh6 Bf2 17. Qh5 Nxd2 18. Rxd2 Re1+ 19. Rd1 g6 20. Qf3 Rxd1+ 21.
Kxd1 Bxg1 22. Rxg1 Qxh6 23. Nxd5 Be6 24. Nxc7 Qxh2 25. Qg3 Qxg3 26. Rxg3 Rd8
27. Nxe6 fxe6 28. Rxg6+ Kf7 29. Rh6 Rd4 30. Rh7+ Kf6 31. Rxb7 Rxf4 32. Kd2 a5
33. Rb5 a4 34. Rb6 Ne7 35. Rb4 Rxb4 36. axb4 Nd5 37. b5 Ke5 38. c4 Nf6 39. Kc3
Kd6 40. Kb4 Nd7 41. Bc2 Nc5 42. Bxa4 e5 43. Bc2 1-0